Flying-Type Pokemon Moves - Statistics

General Stats
  • This quiz has been taken 994 times
  • The average score is 17 of 23
Answer Stats
Category Description Move % Correct
Physical Inflicts damage, used to travel to a familiar spot Fly
97%
Physical Recoil damage Brave Bird
90%
Status Restores 1/2 of user's HP Roost
89%
Physical Inflicts damage; 60 power Wing Attack
87%
Physical Never misses Aerial Ace
85%
Physical Inflicts damage; 35 power Peck
84%
Physical 2-turn attack Sky Attack
80%
Status Speed +2 for the user's team for 4 turns Tailwind
79%
Physical x2 damage if user has no held item Acrobatics
77%
Special Lugia's signature move Aeroblast
77%
Special May cause flinch Air Slash
75%
Special Chatot's signature move Chatter
71%
Physical Inflicts damage, steals and uses target's Berry Pluck
70%
Special Inflicts damage Gust
69%
Special May confuse target Hurricane
66%
Status User mimics target's last move Mirror Move
65%
Special Yveltal's signature move Oblivion Wing
65%
Special High critical hit ratio Air Cutter
63%
Status Lowers evasion, removes target's obstacles Defog
63%
Status Attack -2 Feather Dance
63%
Physical 2-turn attack, may paralyze target Bounce
61%
Physical Inflicts damage; 80 power Drill Peck
54%
Physical 2-turn attack, target is helpless on 1st turn Sky Drop
54%
No matching quizzes found
Score Distribution
Percent of People with Each Score
Percentile by Number Answered
Your Score History
You have not taken this quiz